000 00462nam a22001697a 4500
003 NUST - PNEC
005 20170116180932.0
008 150906b xxu||||| |||| 00| 0 eng d
020 _a0471906484
040 _cLIBRARY
082 _a621.3678 MAT
100 _98351
_a Mather, Paul M.
245 _aComputer processing of remotely-sensed images
_cPaul M. Mather
260 _cc.1987
650 _98348
_aRemote sensing--Data processing
_xMIS
942 _2ddc
_cBK
999 _c65950
_d65950